000 00420 a2200157 4500
999 _c8933
_d8933
020 _a9781847037930
050 _aKF1246 ROG 2010
100 _aRogers,W. V. H.
_eauthor
245 _aWinfield & Jolowicz on tort /
_cW. V. H. Rogers
250 _a18th ed.
264 _aLondon :
_bSweet & Maxwell,
_c2010.
300 _a1225p. :
500 _aIncludes index
650 _aTorts
942 _2lcc
_cBK
_e18th ed.
_h1246
_iROG
_kKF